00321nam a2200121Ia 4500008004100000040001600041041001200057082001800069100001200087245004900099260003600148300001500184230917s9999||||xx |||||||||||||| ||und|| e50104aMAIN aEnglish a320.954 N194I aNath, B 0aIssues and personalities in seventh election aNew DelhibVerma Brothersc1979 aiv, 186 p.